000 00652nam a2200253Ia 4500
005 20250425162144.0
008 250425s9999 xx 000 0 und d
020 _a0471308226
041 _aeng
082 _a577
100 _aBARNES, BURTON V.
245 0 _aFOREST ECOLOGY
250 _a4TH ED.
260 _aEstados Unidos
_bJOHN WILEY & SONS, INC.
_c1998
260 _aS.L.
300 _a774
500 _aBURTON V. BARNES, DOANLD R. ZAK, SHIRLEY R. DENTON, STEPHEN H. SPURR
650 _aECOLOGIA FORESTAL
650 _aECOSISTEMA
650 _aVEGETACION
710 _aJOHN WILEY & SONS, INC.
942 _c01
010 _a53318
999 _c223431
_d223431